| 000 | 00580nam a22001937a 4500 | ||
|---|---|---|---|
| 999 |
_c184350 _d184350 |
||
| 005 | 20220311171759.0 | ||
| 010 | _aENG-131230 | ||
| 020 |
_a978-93-90555-41-3 _c819.00 |
||
| 035 | _aEN-114762 | ||
| 037 | _bDBAD | ||
| 082 | _a531 | ||
| 100 | _aSharma, B.M. | ||
| 245 |
_aMechanics II for Jee (ADVANCED)/ _cB.M. Sharma |
||
| 250 | _a3rd Edition | ||
| 260 |
_aDelhi _bCengage Learning India Pvt. Ltd _c2021 |
||
| 270 |
_bDelhi _aT-303, 3rd Floor, DAV Complex, Plot 3 Mayur Vihar, Phase 1 _e110091 |
||
| 300 |
_a768p. _c28cm(pbk) |
||
| 942 |
_2ddc _cEN _h531 _mSHA |
||